000 01213 a2200229 4500
003 Nust
005 20170207154029.0
010 _a 2003048095
020 _a1580534821 (alk. paper)
040 _cNust
082 0 0 _a621.382
100 1 _aHara, Shinsuke.
245 1 0 _aMulticarrier techniques for 4G mobile communications-(E-BOOK)
_cShinsuke Hara, Ramjee Prasad.
260 _aBoston, MA :
_bArtech House,
_c2003.
300 _axvii, 240 p. :
_bill. ;
_c24 cm.
440 0 _aArtech House universal personal communications series
505 _aDedication. Preface. Acknowledgement. Authors' Biographies. Introduction. Characteristics of Multipath Fading Channels. Principle and History of MCM/OFDM. OFDM Characteristics. Pilot-Assisted DFT Window Timing/Frequency Offset Synchronization and Subcarrier Recovery. Blind Maximum Likelihood-Based Joint DFT Window Timing/Frequency Offset/DFT Window Width Estimation. Coded OFDM Scheme to Gain Frequency Diversity Effect. Applications of OFDM. Combination of OFDM and CDMA. Future Research Directions. List of Abbreviations. List of Keywords.
650 0 _aCarrier waves.
650 0 _aTelecommunication engineering.
651 _aE-BOOK
700 1 _aPrasad, Ramjee.
942 _2ddc
_cBK
999 _c192044
_d192044